LEADER 01017nam--2200349---450- 001 990002299000203316 005 20041223101452.0 035 $a000229900 035 $aUSA01000229900 035 $a(ALEPH)000229900USA01 035 $a000229900 100 $a20041223d1970----km-y0itay0103----ba 101 0 $aita 102 $aIT 105 $a||||||||001yy 200 1 $aContro il divorzio$elezione tenuta il 2 maggio 1892 nella Regia Università di Padova da Vittorio Polacco$fVittorio Polacco 205 $aRist. anast 210 $aPadova$cCEDAM$d1970 215 $a60 p.$d21 cm 300 $aRipr. facs. della 2. ed. 1902, F.lli Drucker, Padova, Vienna 410 0$12001 454 1$12001 461 1$1001-------$12001 700 1$aPOLACCO,$bVittorio$0227941 801 0$aIT$bsalbc$gISBD 912 $a990002299000203316 951 $aIG I 123$b7458 G.$cIG I 959 $aBK 969 $aGIU 979 $aSIAV3$b10$c20041223$lUSA01$h1014 996 $aContro il divorzio$9841461 997 $aUNISA